000 00734nam a2200241I1 4500
008
020 _a0442234406 (pbk.)
049 _aMAIN
090 _aTH4524.3
_bBAA
100 1 0 _aBaasel, William D.
245 1 0 _aPreliminary chemical engineering plant design /
_cWilliam D. Baasel.
250 _a2nd ed.
260 0 _aNew York :
_bVan Nostrand Reinhold,
_cc1990.
300 _axv, 572 p. :
_bill. ;
_c24 cm.
500 _aIncludes index.
504 _aIncludes bibliographical references
650 0 _aChemical plants
_xDesign and construction.
907 _a.b10275228
_b16-03-10
_c09-03-10
003
005 20230123125016.0
040 _cNUST
942 _cBOOKS
_kTH4524.3
_mBAA
999 _c134106
_d134106